Statistiques concernant Questions tirées du livret du citoyen

Cliquez ici pour prendre le quiz!

Statistiques générales

  • Ce quiz a été pris 48 fois
  • Le résultat moyen est 60 sur 97

Statistiques - réponses

DATESRéponses% Correct
Les conseillers régionaux, départementaux et municipaux sont élus pour *** ans6
98%
En quelle année débute la Révolution française ?1789
95%
De quand date la Déclaration des Droits de l'Homme et du Citoyen (année)1789
95%
Age du droit de vote18 ans
93%
Le président de la République est élu pour *** ans5
93%
Les députés sont élus pour *** ans5
93%
Complétez cette phrase :
Nul n'est censé ignorer la {loi}
93%
Quelle héroïne a vécu de 1412 à 1431Jeanne d'Arc
93%
Quel jour célèbre-t-on la fin de la 1ère Guerre mondiale ?11 novembre
91%
Couleurs du drapeau (dans l'ordre)Bleu blanc rouge
91%
Citez un département d'outre-merGuadeloupe | Martinique | Guyane | Mayotte | Réunion
91%
Nom de l'hymne nationalLa Marseillaise
91%
Devise (dans l'ordre)Liberté Egalité Fraternité
91%
Citez un des cinq grands fleuves françaisLoire | Seine | Garonne | Rhône | Rhin
91%
Qui a écrit L'AvareMolière
91%
Un employeur peut-il refuser d'embaucher un salarié en raison de sa religion ? Oui ou Non ?Non
91%
Un employeur peut-il refuser d'embaucher un salarié en raison de son sexe ? Oui ou Non ?Non
91%
Hommes et Femmes ont-ils les mêmes droits ? Oui ou Non ?Oui
91%
Peut-on créer librement un parti politique ? Oui ou Non ?Oui
91%
L'Etat peut-il restreindre le droit de manifester sa religion en public ? Oui ou Non ?Oui
91%
L'impôt est obligatoire selon les moyens de chaque citoyen ? Oui ou Non ?Oui
91%
La liberté de la presse existe-t-elle en France ? Oui ou Non ?Oui
91%
Le parlement se compose de l'Assemblée nationale et du ...Sénat
91%
Qui a écrit Les MisérablesVictor Hugo
91%
Quel jour célèbre-t-on la fin de la 2e Guerre mondiale ?8 mai
88%
Qui incarne la Résistance française pendant la 2e Guerre mondiale ? Le général...de Gaulle
88%
Tous les citoyens ont les mêmes droits mais aussi les mêmes...Devoirs
88%
Prise de la Bastille (date précise)14 juillet 1789
86%
Depuis 2001, la France utilise comme monnaie l'Euro
86%
Citez une des deux guerres de la décolonisationIndochine | Algérie
86%
Le plus long fleuve français estLoire
86%
Nom de la statue présente dans les mairiesMarianne
86%
Le sommet des Alpes se trouve en France et culmine à 4810 mètre, il s'appelle leMont blanc
86%
Qui est nommé par le président de la République ?Premier ministre
86%
Citez un philosophe des LumièresVoltaire | Rousseau | Diderot
86%
Qu'est ce qui est aboli en 1981 ? La...Peine de mort
81%
Quel mot manque trois fois dans cette phrase : Le principe de la démocratie en France est le gouvernement du ***, par le *** et pour le ***peuple
81%
Comment nomme-t-on le régime en place en France entre 1940 et 1944. Le régime de...Vichy
81%
Quel roi (466-511) unifie les royaumes francsClovis
79%
Physicienne née en Pologne, prix Nobel (1867-1934)Marie Curie
79%
Qu'est ce qui est aboli en 1848 ?Esclavage
77%
Combien la France compte-t-elle de territoires d'outre mer ?12
74%
Quel ouvrage définit les infractions et les peines ?Code pénal
74%
Cet îlot rocheux normand est surmonté par une abbayeMont Saint Michel
74%
Qui est responsable des lycées ? (collectivité)Région
74%
Combien la France compte-t-elle de départements ?101
72%
Quel est le type de régime de la France ?Démocratie
72%
Qui est responsable des collèges ? (collectivité)Département
72%
Le 1er quartier d'affaire d'Europe est àLa Défense
72%
Quelle grotte ornée de peintures remonte à 18000 à 15000 ans avant Jésus-ChristLascaux
72%
Quel roi (1643-1715) met en place un état puissant et centralisé ?Louis XIV
72%
L'impôt participe au financement des services...Publics
72%
Qui doit respecter la loi de la République ?Tout le monde
72%
Quel peuple commence à s'installer en Gaule vers - 50 avant Jésus-ChristRomains
70%
Quand se déroulent le mouvement social qui paralyse la France sous le général de Gaulle (mois et année)Mai 1968
67%
En quelle année est proclamée la 1ère République ?1792
65%
Pendant quelle décennie du XIXe siècle l'école primaire est-elle devenue obligatoire1880
65%
Comment appelle-t-on le principe de séparation des affaires religieuses et des affaires publiques ?Laïcité
65%
Citez une collectivité d'outre-merNouvelle-Calédonie | Polynésie française | Saint-Barthélemy |
Saint-Martin | Saint-Pierre-et-Miquelon | Terres australes et antarctiques françaises |
Wallis-et-Futuna
63%
Les jeunes de 16 ans doivent se rendre à la mairie pour êtrerecensés
63%
La Tour Eiffel a été construite en ... (année)1889
60%
En quelle année a été adoptée la constitution actuelle ?1958
60%
Quel jour a eu lieu le débarquement allié en Normandie (date précise)6 juin 1944
60%
Quel roi rétablit la paix religieuse entre Catholiques et Protestants ?Henri IV
60%
Depuis quand l'avortement est-il autorisé en France ?1975
58%
Qui est responsable des écoles maternelles et primaires ? (collectivité)Commune
53%
Chanteuse née en Egypte (1933-1987)Dalida
53%
Complétez cette phrase de l'article 1er de la Déclaration des Droits de l'Homme et du CitoyenLes hommes {naissent et demeurent} libres et égaux en droits. Les
distinctions sociales ne peuvent être fondées que sur l’utilité commune.
49%
Comment s'appelle l'organisme qui garantie les risques sociaux en FranceSécurité sociale
49%
De quand date la séparation des Eglises et de l'Etat en France ? (année)1906
47%
En quelle année la France signe le Traité de Rome qui fonde l'Europe ?1957
47%
Qui représente l'Etat dans les territoires d'outre-merPréfet | Haut-commissaire
42%
Fête de la Fédération (date précise)14 juillet 1790
40%
Qui dirige la France pendant près de 15 ans et fait rédiger le Code civilNapoléon 1er
40%
Les personnes parlant le français sont répartis dans *** pays70
37%
Parmi quels élus est choisi le maire d'une commune ?Conseillers municipaux
35%
Chanteuse et danseuse d'origine américaine, grande Résistante (1906-1975)Joséphine Baker
33%
Année d'installation de la république de façon stable1875
28%
Sur quel site peut-on lire toutes les lois en vigueur ?Légifrance
28%
Quelle journée organisent les armées pour tous les jeunes Français ? La journée...Défense et Citoyenneté
23%
Vulcanologue d'origine polonaise (1914-1998)Haroun Tazieff
14%
Combien de millions de personnes parlent couramment le français dans le monde ?200
12%
Poète né d'une mère russe et d'un père suisse (1880-1918)Guillaume Apollinaire
12%
Petit-fils d'Italien, fervent républicain (1838-1892)Léon Gambetta
9%
Ecrivain d'origine russe (1914-1980)Romain Gary
9%
Chanteur d'origine italo-grecque (1934-2013)Georges Moustaki
7%
Athlète d'origine algérienne, champion olympique en 1956 (1921-2013)Alain Mimoun
5%
Femme de lettres née en Egypte d'une mère syrienne et d'un père libanais (1920-2011)Andrée Chedid
5%
Co-fondatrice de l'hebdomadaire L'Express, d'origine suisse (1916-2003)Françoise Giroud
5%
Peintre d'origine russe (1887-1985)Marc Chagall
5%
A quand remonte la loi qui interdit aux élèves des collèges et lycées de porter des signes religieux trop visibles dans les établissements ? (date précise)15 mars 2004
2%
Physicien d'origine polonaise, prix Nobel (1924-2010)Georges Charpak
2%
Romancier né en Argentine, membre de l'Académie française (1898-1979)Joseph Kessel
2%
Journaliste polyglotte né en Russie (1914-1995)Léon Zitrone
2%
Chanteuse sud-africaine engagée dans la lutte contre l'apartheid (1932-2008)Miriam Makeba
2%
Actrice d'origine algérienne (1961-2013)Valérie Benguigui
2%
Peintre d'origine russe, un des fondateur de l'art abstrait (1866-1944)Vassily Kandinsky
2%

Distribution des résultats

Percentile par nombre de réponses

% des personnes avec chaque résultat

Votre développement - résultats

Vous n’avez pas pris ce quiz